| Tag |
First Indicator |
Second Indicator |
Subfields |
| LEADER |
00000cam a2200000 a 4500 |
| 001 |
in00000009072 |
| 005 |
20220103114948.0 |
| 007 |
cr unu a |
| 008 |
880314s1986 xx a b 00010 eng d |
| 035 |
|
|
|9 AAA3145AM
|
| 035 |
|
|
|a (OCoLC)17626083
|
| 040 |
|
|
|a TXA
|c TXA
|d UtOrBLW
|
| 049 |
|
|
|a TXAZ [Also in] [Archives]
|c 1 [A09992162], 2 [A09992170]
|
| 099 |
|
|
|a 1986
|a Thesis
|a D497
|
| 100 |
1 |
|
|a De Vore, Curtis Vincent,
|d 1962-
|
| 245 |
1 |
0 |
|a Methodologies to assess potential lifetime limits for extended burnup nuclear fuel /
|c by Curtis Vincent De Vore.
|
| 264 |
|
1 |
|a [Place of publication not identified] :
|b [publisher not identified] ;
|c 1986.
|
| 300 |
|
|
|a xiii, 215 leaves :
|b illustrations ;
|c 29 cm.
|
| 336 |
|
|
|a text
|b txt
|2 rdacontent
|
| 337 |
|
|
|a computer
|b c
|2 rdamedia
|
| 338 |
|
|
|a online resource
|b cr
|2 rdacarrier
|
| 500 |
|
|
|a "Major subject: Nuclear Engineering."
|
| 500 |
|
|
|a Typescript (photocopy).
|
| 500 |
|
|
|a Vita.
|
| 502 |
|
|
|b M.S.
|c Texas A&M University
|d 1986.
|
| 504 |
|
|
|a Bibliography: leaves 196-214.
|
| 530 |
|
|
|a Also available online.
|
| 650 |
|
0 |
|a Fuel burnup (Nuclear engineering)
|
| 650 |
|
0 |
|a Nuclear fuel rods
|x Thermal properties.
|
| 650 |
|
4 |
|a Major nuclear engineering.
|
| 856 |
4 |
1 |
|u https://hdl.handle.net/1969.1/ETD-TAMU-1986-THESIS-D497
|z Link to OAKTrust copy
|t 0
|
| 999 |
|
|
|a MARS
|
| 999 |
f |
f |
|s f2a7d28c-59d1-340f-9dff-3412093f7870
|i 9beec2c9-a848-30b0-a92f-464542cd728d
|t 0
|
| 952 |
f |
f |
|p noncirc
|a Texas A&M University
|b J.J. Pickle Campus
|c High Density Repository
|s HDR
|d Remote Storage
|t 0
|e 1986 Thesis D497
|h Other scheme
|i computer -- online resource
|m A14839609430
|
| 952 |
f |
f |
|a Texas A&M University
|b College Station
|c Electronic Resources
|s www_evans
|d Available Online
|t 0
|e 1986 Thesis D497
|h Other scheme
|
| 998 |
f |
f |
|a 1986 Thesis D497
|t 0
|l Remote Storage
|
| 998 |
f |
f |
|a 1986 Thesis D497
|t 0
|l Available Online
|